Macroeconomía (Registro nro. 6621)

Detalles MARC
000 -LEADER
fixed length control field 01753 a2200241 4500
001 - CONTROL NUMBER
control field 59202
005 - DATE AND TIME OF LATEST TRANSACTION
control field 20260407155846.0
008 - FIXED-LENGTH DATA ELEMENTS--GENERAL INFORMATION
fixed length control field 260407a2021 arg spa d
003 - CONTROL NUMBER IDENTIFIER
control field AR-UNSa-BCEJYS
040 ## - CATALOGING SOURCE
Original cataloging agency AR-UNSa-BCEJYS
Language of cataloging spa
Transcribing agency AR-UNSa-BCEJYS
080 ## - UNIVERSAL DECIMAL CLASSIFICATION NUMBER
Universal Decimal Classification number 330.101.541
Common auxiliary subdivision Macroeconomía
020 ## - INTERNATIONAL STANDARD BOOK NUMBER
International Standard Book Number 978-607-570-013-7
041 ## - LANGUAGE CODE
Language code of text/sound track or separate title spa
100 1# - MAIN ENTRY--PERSONAL NAME
Personal name Mankiw, N. Gregory
245 10 - TITLE STATEMENT
Title Macroeconomía
Name of part/section of a work versión para América Latina
250 ## - EDITION STATEMENT
Edition statement 7a. ed.
264 #1 - PRODUCTION, PUBLICATION, DISTRIBUTION, MANUFACTURE, AND COPYRIGHT NOTICE
Place of production, publication, distribution, manufacture Mèxico :
Name of producer, publisher, distributor, manufacturer Cengage Learning
Date of production, publication, distribution, manufacture, or copyright notice 2021
300 ## - PHYSICAL DESCRIPTION
Extent xxix, 498 p.
Dimensions 27 cm.
505 ## - FORMATTED CONTENTS NOTE
Formatted contents note 1. Los diez principios de la economía - 2. Pensar como economista - 3. Interdependencia y ganancias del comercio - 4. Fuerzas del mercado de la oferta y la demanda - 5. Elasticidad y sus aplicaciones - 6. Oferta, demanda y políticas gubernamentales - 7. Consumidores, productores y eficiencia de los mercados - 8. Aplicación: costos de los impuestos - 9. Aplicación: Comercio internacional - 10. Medición del ingreso de una nación - 11. Medición del costo de vida - 12. Producción y crecimiento - 13. Ahorro, inversión y sistema financiero - 14. Herramientas financieras básicas - 15. Desempleo - 16. El sistema monetario - 17. Crecimiento del dinero e inflación - 18. Macroeconomía de una economía abierta: conceptos básicos - 19. Teoría macroeconómica de la economía abierta - 20. Demanda agregada y oferta agregada - 21. Cómo influyen las políticas monetaria y fiscal en la demanda agregada - 22. Disyuntiva a corto plazo entre inflación y desempleo - 23. Seis debates sobre política macroeconómica
590 ## - LOCAL NOTE (RLIN)
Local note niveau_biblio:m niveau_hierar:0
856 41 - ELECTRONIC LOCATION AND ACCESS
Uniform Resource Identifier <a href="https://biblioeco.unsa.edu.ar/pmb/images/libros/L129020.jpg">https://biblioeco.unsa.edu.ar/pmb/images/libros/L129020.jpg</a>
Link text Imagen de portada
Electronic format type image/jpeg
942 ## - ADDED ENTRY ELEMENTS (KOHA)
Koha item type
Existencias
Withdrawn status Lost status Damaged status Not for loan Home library Current library Shelving location Date acquired Total checkouts Full call number Barcode Date last seen Price effective from Koha item type
        Biblioteca Prof. Eusebio Cleto del Rey Biblioteca Prof. Eusebio Cleto del Rey   07/04/2026   330.101.541 M278 7ed. L129018 07/04/2026 07/04/2026 Libro
        Biblioteca Prof. Eusebio Cleto del Rey Biblioteca Prof. Eusebio Cleto del Rey   07/04/2026   330.101.541 M278 7ed. L129019 07/04/2026 07/04/2026 Libro
        Biblioteca Prof. Eusebio Cleto del Rey Biblioteca Prof. Eusebio Cleto del Rey   07/04/2026   330.101.541 M278 7ed. L129020 07/04/2026 07/04/2026 Libro